Library of the University of Algiers 3
Ibrahim Sultan Cheibout
شعار جامعة الجزائر 3
مكتبة جامعة الجزائر 3
إبراهيم سلطان شيبوط

الثقافة العربية في زمن العولمة / (رقم التسجيلة. 45237)

تفاصيل مارك
000 -LEADER
fixed length control field 01590nam a2200217Ia 4500
003 - CONTROL NUMBER IDENTIFIER
control field Ost
005 - DATE AND TIME OF LATEST TRANSACTION
control field 20260507075632.0
008 - FIXED-LENGTH DATA ELEMENTS--GENERAL INFORMATION
fixed length control field 260507s9999||||xx |||||||||||||| ||und||
020 ## - INTERNATIONAL STANDARD BOOK NUMBER
International Standard Book Number 276303977
040 ## - CATALOGING SOURCE
Transcribing agency fsecg
041 ## - LANGUAGE CODE
Language code of text/sound track or separate title ara
082 ## - DEWEY DECIMAL CLASSIFICATION NUMBER
Classification number 301.20956
100 ## - MAIN ENTRY--PERSONAL NAME
Personal name حجازي، أحمد مجدي
Relator term مؤلف
245 #0 - TITLE STATEMENT
Title الثقافة العربية في زمن العولمة /
Statement of responsibility, etc. أحمد مجدي حجازي
260 ## - PUBLICATION, DISTRIBUTION, ETC.
Place of publication, distribution, etc. القاهرة:
Name of publisher, distributor, etc. دار قباء للطباعة والنشر والتوزيع;دار قباء للطباعة والنشر والتوزيع,
Date of publication, distribution, etc. 2001
300 ## - PHYSICAL DESCRIPTION
Extent 186 صفحة؛
Dimensions 24 سم
520 ## - SUMMARY, ETC.
Summary, etc. المحتويات : المقدمة-الدراسة الأولى : العولمة وتهميش الوطنية : رؤية نقدية من العالم الثالث-الدراسة الثانية : أمية المثقف العربي : الإبداع وأزمة المجتمع العربي-الدراسة الثالثة : المثقف العربي والالتزام الإيديولوجي : دراسة في أزمة المجتمع العربي-الدراسة الرابعة : في إشكالية الثقافة العربية : أزمة النقد الذاتي-الدراسة الخامسة : تناقضات الواقع واغتراب الفكر : أزمة العلاقة بين الباحث ومجتمعه-الدراسة السادسة : فقراء مصر في عصر العولمة : دراسة ميدانية لحياة بعض فقراء الريف والحضر
653 ## - INDEX TERM--UNCONTROLLED
Uncontrolled term العولمة
653 ## - INDEX TERM--UNCONTROLLED
Uncontrolled term علم الإجتماع
942 ## - ADDED ENTRY ELEMENTS (KOHA)
Koha item type كتب
المقتنيات
Withdrawn status Lost status Source of classification or shelving scheme Damaged status Not for loan Home library Current library Date acquired Serial enumeration / chronology Inventory number Total checkouts Full call number Barcode Date last seen Price effective from Koha item type
    Dewey Decimal Classification   NOT LOAN / إعارة داخلية مكتبة كلية العلوم الإقتصادية والعلوم التجارية وعلوم التسيير مكتبة كلية العلوم الإقتصادية والعلوم التجارية وعلوم التسيير 07/05/2026 الطابق الأرضي 757/1   أ/757ن1 757/1 07/05/2026 07/05/2026 كتب

موارد الويب المفتوحة


© University of Algiers 3 All Rights Reserved
|
Implemented by LECHELAH Riad